| 000 | 00669nam a2200241Ia 4500 | ||
|---|---|---|---|
| 003 | OSt | ||
| 005 | 20221007071506.0 | ||
| 006 | a|||||r|||| 00| 0 | ||
| 007 | ta | ||
| 008 | 221006b |||||||| |||| 00| 0 eng d | ||
| 024 | _a26,689 | ||
| 037 | _cTextual | ||
| 040 |
_aFLL _cFLL _beng |
||
| 041 |
_2eng _aeng |
||
| 082 | _aZ3:2:8y7, L2;1 | ||
| 100 |
_aMaudsley R. H. _9688690 |
||
| 245 | 0 |
_aTrusts and trustees _bcases and materials |
|
| 260 |
_aLondon _bButterworths UK _c1972 |
||
| 300 |
_ali,672p _ccm. |
||
| 700 |
_a Burn E. H. _9688500 |
||
| 942 |
_hZ3:2:8y7, L2;1 _cTEXL _2CC |
||
| 999 |
_c1143495 _d1143495 |
||